Environmental economics and development

Αποθηκεύτηκε σε:
Λεπτομέρειες βιβλιογραφικής εγγραφής
Άλλοι συγγραφείς: Opschoor, Johannes B. (Johannes Baptist) 1944- (Επιμελητής έκδοσης), Button, Kenneth J. (Επιμελητής έκδοσης), Nijkamp, Peter (Επιμελητής έκδοσης)
Μορφή: Βιβλίο
Γλώσσα:English
Δημοσίευση: Cheltenham : Elgar Reference Collection, 1999
Σειρά:Environmental analysis and economic policy ; ; 5
Θέματα:
Ετικέτες: Προσθήκη ετικέτας
Δεν υπάρχουν, Καταχωρήστε ετικέτα πρώτοι!

MARC

LEADER 00000nam a2200000 i 4500
001 1/105889
008 000329s1999 eng d
020 |a 1-85898-740-7 
035 |l 10059423 
040 |a GR-MY-UA  |b gre  |e aacr 
041 0 |a eng 
082 0 |a 333.7 
245 1 0 |a Environmental economics and development /  |c Edited by J(Hans). B. Opschoor; Kenneth Button; Peter Nijkamp 
260 |a Cheltenham :   |b Elgar Reference Collection,   |c 1999 
300 |a 619 p. 
490 1 |a Environmental analysis and economic policy  |v ; 5 
504 |a Includes index 
650 0 0 |a Environmental economics. 
650 0 0 |a Economic development. 
650 0 0 |a Sustainable development. 
650 0 0 |a Environmental policy. 
700 1 |a Opschoor, Johannes B.  |q (Johannes Baptist)  |d 1944-  |4 edt 
700 1 |a Button, Kenneth J.  |4 edt 
700 1 |a Nijkamp, Peter.  |4 edt 
830 0 |a Environmental analysis and economic policy ;  |v ; 5 
852 |a INST  |b LESVOS  |e 20000329  |h 333.7 ENV  |p 005100020544  |q 005100020544  |t BK  |y 0 
901 |a BIBL1-2000-1 
909 |a Λ  |b 074910 
922 |a 1ΕΛΗ  |b 200002  |c ΚΠΣ/ΠΜΣ  |d ΠΑΠΑΣΩΤΗΙΡΟΥ 
950 |a 157-1999-12-06 
970 |a ΚΑΜΑΤΣΟΥ  |b ΔΕΣΠΟΙΝΑ  |z 2000/03/30